| 000 | 00559cam a22001934a 4500 | ||
|---|---|---|---|
| 001 | 14184715 | ||
| 005 | 20250219085953.0 | ||
| 008 | 051130s2006 nyua b 001 0 eng | ||
| 020 | _a0273681559 | ||
| 050 | 0 | 0 |
_aHF5657.4 _b.P763 2006 |
| 082 | 0 | 0 |
_a658.15/11 _222 |
| 100 | 1 | _aProctor, Ray. | |
| 245 | 1 | 0 |
_aManagerial accounting for business decisions / _cRay Proctor. |
| 250 | _a2nd ed. | ||
| 260 |
_aNew York : _bPrentice Hall/Financial Times, _c2006. |
||
| 300 |
_axix, 546 p. : _bill. ; _c25 cm. |
||
| 650 | 0 | _aManagerial accounting. | |
| 942 |
_2lcc _cBK _n0 |
||
| 999 |
_c3952 _d3952 |
||